000
00319nam a2200121Ia 4500
008
240624s9999 xx 000 0 und d
041
_a
eng
082
_a
338.71015195 CRO
100
_a
CROUCHER JOHN S
245
_a
STATISTICS MAKING BUSINESS DECISIONS
260
_c
2011
_a
New Delhi
_b
Tata McGraw-Hill
365
_c
RS
_b
33
999
_c
26151
_d
26151